000 00921nas a2200289 4500
001 BR0303989
003 BR-BrBNA
005 20231205103953.0
007 ta
008 230509b bl.|||p| |||| 00| 00por d
040 _aBR-BrBNA
_bpor
_cBiblioteca Nacional de Agricultura
041 _a(Pt)
072 _aF40
100 1 _aSacramento, C.K.
100 1 _aPereira, F.M.
245 1 _aFenologia da floração da nogueira macadâmia (Macadamis integrifolia Maiden Betche)nas condições climáticas de Jaboticabal, São Paulo, Brasil
650 _aMACADÂMIA
650 _aFLORAÇÃO
650 _aFENOLOGIA
650 _aRENDIMENTO
650 _aCONDIÇÃO AMBIENTAL
650 _aVARIEDADE
650 _aSÃO PAULO
773 0 _tRevista Brasileira de Fruticultura (Brazil)
_xISSN 0100-2945
_g(Apr 2003), v. 25(1) p. 19-22
_wBR0303989
909 _a202311
_bLúcia
_c55
_dLúcia Elande
942 _2AGRIS
_n0
_cANA
999 _c175724
_d175724